Manual and course of study. (Record no. 19815)

MARC details
000 -LEADER
fixed length control field 00664cam a22002171 4500
001 - CONTROL NUMBER
control field e 15001004
003 - CONTROL NUMBER IDENTIFIER
control field DLC
005 - DATE AND TIME OF LATEST TRANSACTION
control field 20260227111204.0
008 - FIXED-LENGTH DATA ELEMENTS--GENERAL INFORMATION
fixed length control field 830608s1914 ilu 000 0 eng
010 ## - LIBRARY OF CONGRESS CONTROL NUMBER
LC control number e 15001004
035 ## - SYSTEM CONTROL NUMBER
System control number (OCoLC)9590187
040 ## - CATALOGING SOURCE
Original cataloging agency DLC
Transcribing agency ICarbS
Modifying agency ICarbS
-- DLC
042 ## - AUTHENTICATION CODE
Authentication code premarc
050 00 - LIBRARY OF CONGRESS CALL NUMBER
Classification number LB1561.I3
Item number A4
110 2# - MAIN ENTRY--CORPORATE NAME
Corporate name or jurisdiction name as entry element Southern Illinois University at Carbondale.
245 10 - TITLE STATEMENT
Title Manual and course of study.
Remainder of title Grades I to VI, Training school, W. A. Furr, supt.
260 ## - PUBLICATION, DISTRIBUTION, ETC.
Place of publication, distribution, etc. Carbondale,
Name of publisher, distributor, etc. Southern Illinois state normal university,
Date of publication, distribution, etc. 1914.
300 ## - PHYSICAL DESCRIPTION
Extent 106 p.
Dimensions 23 cm.
650 #0 - SUBJECT ADDED ENTRY--TOPICAL TERM
Topical term or geographic name entry element Education
General subdivision Curricula.
650 #0 - SUBJECT ADDED ENTRY--TOPICAL TERM
Topical term or geographic name entry element Education.

No items available.

Powered by Koha